000 01699nam a22004577a 4500
001 000095452
003 CHAP
005 20220817044104.0
008 060322d2005 mx r 00110 spa d
010 _a91918
011 _a92890
035 _a103457
040 _cCHAP
090 _aTesis
100 0 0 _aMalagón Gayosso, David.
_969985
245 1 0 _aElementos culturales del poder político en Juchitán, Oaxaca : el caso de la COCEI /
_c/por David Malagón Gayosso.
260 _aChapingo, Méx. :
_bEl autor,
_c2005.
300 _a253 h.
502 _aTesis (M.C. en Sociología Rural) -- UACH. Departamento de Sociología Rural
590 _aALEPH
_b10
_c20130110
_lUCH01
_h1510
590 _aBATCH-UPD
_b10
_c20130110
_lUCH01
_h0850
590 _aBATCH-UPD
_b10
_c20130410
_lUCH01
_h0522
590 _aBATCH-UPD
_b10
_c20130914
_lUCH01
_h1632
590 _aBATCH-UPD
_b10
_c20140324
_lUCH01
_h1455
590 _aBATCH-UPD
_b10
_c20141002
_lUCH01
_h0829
590 _aCONVERSION
_b10
_c20130109
_lUCH01
_h1351
590 _aE12093SGE
_b10
_c20130709
_lUCH01
_h1321
650 1 4 _aIndios de México
_xCondiciones sociales.
_957626
650 1 4 _aIndios de México
_xPolítica y gobierno.
650 1 4 _aIndios de Oaxaca
_xCultura.
_957648
650 1 4 _aPoder (ciencias sociales)
_989472
650 1 4 _aPolítica social
_xOaxaca.
_990701
650 1 4 _aZapotecas.
_9123671
856 _3Finding aid
_uhttp://10.13.5.2/tesis/103457.pdf
_zTeclea aquí
901 _aBK
905 _aAlejandra Carrasco M.
942 _cFOLL
942 _n0
949 _aTesis
_bBC
_cTES
_d00000001034571
_eTS1
_gDonaciØn
_h44578
_i103457
_sb
949 _aTesis
_bBC
_cTES
_d33724000999702
_eTS2
_fc.2
_gDonaciØn
_h44579
_i103457
_sb
999 _c91918
_d91918